| 000 | 00732nam a2200229Ia 4500 | ||
|---|---|---|---|
| 003 | GCL | ||
| 008 | 140319s9999 xx 000 0 ara d | ||
| 020 | _a?535324977 | ||
| 040 |
_aGCL / _cGCL |
||
| 082 | 0 | 4 |
_a189 _bم م |
| 100 | 1 | _aمحمد عمارة | |
| 245 | 1 | 0 |
_aالشيخ محمد الغزالى الموقع الفكرى والمعارك الفكرية / _cمحمد عمارة |
| 250 | _aالثانية | ||
| 260 |
_aالقاهرة : _bالهيئة المصرية العامة للكتاب ، _c1992 |
||
| 300 |
_a119 ص ؛ _c16 سم |
||
| 490 | _a | ||
| 650 | 0 | 4 | _aالفلسفة الاسلامية |
| 650 | 0 | 4 | _aالفلسفة |
| 650 | 0 | 4 | _aالغزالى |
| 650 | 0 | 4 | _aفلسفة السنة |
| 942 |
_2ddc _cBK |
||
| 999 |
_c28670 _d28670 |
||